000 01418cam a22003251 4500
999 _c127766
_d127766
001 8771544
003 ARRUPE
005 20180323115621.0
008 800718s1936 fr abf 000 0 fre
010 _a 37007506
035 _a(OCoLC)6528677
040 _aDLC
_cTxDaM
_dTxDaM
_dDLC
050 0 0 _aGN652.U2
_bV4
082 _a572.96741
100 1 _aVergiat, Antonin Marius,
_d1900-
_940939
245 1 4 _aLes rites secrets des primitifs de l'Oubangui;
_cAntoni
260 _aParis
_bPayot,
_c1951
300 _a158p. ;
_c23 cm.
490 0 _aBibliothéque scientifique
650 0 _aEthnology
_zCentral African Republic.
_940940
650 0 _aSecret societies
_zAfrica, French-speaking Equatorial.
_940941
650 0 _aPlants
_xFolklore.
_940942
650 0 _aPlant names, Popular
_zAfrica, French-speaking Equatorial.
_940943
906 _a7
_bcbc
_coclcrpl
_du
_encip
_f19
_gy-gencatlg
942 _2lcc
_cMONOGRAPH